000 00829nas a2200253 4500
001 BR0906217
003 BR-BrBNA
005 20231205113510.0
007 ta
008 230509b bl.|||p| |||| 00| 00por d
040 _aBR-BrBNA
_bpor
_cBiblioteca Nacional de Agricultura
041 _a(En)
072 _aP33
100 1 _aRabello, L.M.
100 1 _aCruvinel, P.E.
245 1 _aIntelligent instrument to facilitate decision making in the evaluation of soil resistance to root penetration
650 _aCOMPACTAÇÃO DO SOLO
650 _aEQUIPAMENTO AGRICOLA
650 _aRESISTENCIA
773 0 _tScientia Agricola (Brazil)
_xISSN 0103-9016
_g(Sep-Oct 2009), v. 66(5) p. 573-582
_wBR0906217
856 4 0 _uhttp://www.aprh.pt/rgci-155_Borges.pdf
909 _a202311
_bLúcia
_c55
_dLúcia Elande
942 _2AGRIS
_n0
_cANA
999 _c204103
_d204103